|
|
|
|
| LEADER |
00000nab a2200000uu 4500 |
| 001 |
vtls011515259 |
| 003 |
SK-MaSNL |
| 005 |
20260303181204.0 |
| 008 |
230704|1966 xo |||||||||||||||||slo| |
| 015 |
|
|
|a SNBRB
|
| 035 |
|
|
|a (urnnbn)urn:nbn:sk:snk:ar-001h8o
|
| 035 |
|
|
|a (uuid)41df25b7-c0e0-4fa2-831e-77700ba6305d
|
| 035 |
|
|
|a urn:nbn:sk:snk-abe4xp
|
| 040 |
|
|
|a SNKBUCL
|b slo
|c SNKBUCL
|e AACR2
|
| 041 |
0 |
|
|a slo
|
| 044 |
|
|
|a xo
|c SK
|
| 100 |
1 |
|
|a Šikula, Vincent,
|d 1936-2001
|4 aut
|9 103083
|
| 245 |
1 |
0 |
|a POVETRIE
|c Vincent Šikula
|
| 773 |
0 |
|
|t Slovenské pohľady
|g Roč. 82, č. 1 (1966), s. 96-112
|
| 850 |
|
|
|a Slovenská národná knižnica
|
| 852 |
|
|
|a Slovenská národná knižnica
|
| 958 |
|
|
|a OND
|
| 958 |
|
|
|a EUIPO
|
| 958 |
|
|
|a article21
|
| 999 |
|
|
|c 2109813
|d 2111743
|